Estadísticas para Países del Imperio Romano en un Mapa

Haz click aquí para tomar la prueba!

Estadísticas generales

  • Esta prueba ha sido tomada 2.216 veces
  • La puntuación promedio es 47 de 50

Respuestas en el mapa

Las respuestas están codificadas por una escala verde-roja en el mapa de la prueba según el % correcto abajo.
Cargando...
 

Estadísticas de respuestas

País% Correcto
España
100%
Italia
100%
Portugal
100%
Francia
99%
Reino Unido
99%
Alemania
98%
Grecia
98%
Turquía
98%
Austria
97%
Bélgica
97%
Egipto
97%
Marruecos
97%
Países Bajos
97%
Andorra
96%
Croacia
96%
Suiza
96%
Albania
95%
Argelia
95%
Ciudad del Vaticano
95%
Israel
95%
Luxemburgo
95%
Mónaco
95%
Serbia
95%
Bosnia y Herzegovina
94%
Bulgaria
94%
Eslovenia
94%
Hungría
94%
Libia
94%
Montenegro
94%
Rumania
94%
San Marino
94%
Chipre
93%
Irak
93%
Irán
93%
Kosovo
93%
Macedonia del Norte
93%
Malta
93%
Arabia Saudita
92%
Eslovaquia
92%
Siria
92%
Túnez
92%
Georgia
90%
Liechtenstein
90%
Ucrania
90%
Armenia
89%
Jordania
89%
Rusia
89%
Azerbaiyán
88%
Líbano
88%
Kuwait
77%

Distribución de puntuación

Porcentaje por número respondido

Porcentaje de gente con cada puntuación

Historial de tus puntuaciones

No has tomado esta prueba